01270nam a22003254a 4500001001200000003000800012006001900020007001500039008004100054010001700095020001500112040002100127035002100148050002500169082001800194100002100212245014500233260004700378300001900425504006000444533015200504650002300656650001600679650003400695650002600729655002900755710001700784856012600801999001700927ebr10006972CaPaEBRm u cr cn|||||||||010516s2001 njua sb 001 0 eng  z 2001035876 z1564145514 aCaPaEBRcCaPaEBR a(OCoLC)55909160114aHD57.7b.K725 2001eb04a658.4/0922211 aKraines, Gerald.10aAccountability leadershiph[electronic resource] :bhow to strengthen productivity through sound managerial leadership /cby Gerald Kraines. aFranklin Lakes, NJ :bCareer Press,c2001. a221 p. :bill. aIncludes bibliographical references (p. 213) and index. aElectronic reproduction.bPalo Alto, Calif. :cebrary,d2013.nAvailable via World Wide Web.nAccess may be limited to ebrary affiliated libraries. 0aExecutive ability. 0aLeadership. 0aOrganizational effectiveness. 0aPersonnel management. 7aElectronic books.2local2 aebrary, Inc.40uhttp://site.ebrary.com/lib/rucke/Doc?id=10006972zAn electronic book accessible through the World Wide Web; click to view c15832d15832